<?xml version="1.0" encoding="UTF-8"?>
<record
    xmlns:xsi="http://www.w3.org/2001/XMLSchema-instance"
    xsi:schemaLocation="http://www.loc.gov/MARC21/slim http://www.loc.gov/standards/marcxml/schema/MARC21slim.xsd"
    xmlns="http://www.loc.gov/MARC21/slim">

  <leader>00965nas a22002417a 4500</leader>
  <controlfield tag="003">OSt</controlfield>
  <controlfield tag="005">20151125110135.0</controlfield>
  <controlfield tag="008">130628d19771990sp  |||| |||| 00| 0 spa d</controlfield>
  <datafield tag="022" ind1=" " ind2=" ">
    <subfield code="a">0210-3982</subfield>
  </datafield>
  <datafield tag="040" ind1=" " ind2=" ">
    <subfield code="c">CDMR</subfield>
    <subfield code="b">cat</subfield>
  </datafield>
  <datafield tag="245" ind1=" " ind2=" ">
    <subfield code="a">Mensaje y medios</subfield>
    <subfield code="b">: revista de los profesionales de la comunicaci&#xF3;n</subfield>
  </datafield>
  <datafield tag="260" ind1=" " ind2=" ">
    <subfield code="a">Madrid</subfield>
    <subfield code="b">Instituto Oficial de Radiodifusi&#xF3;n y Televisi&#xF3;n</subfield>
    <subfield code="c">1977-1990</subfield>
  </datafield>
  <datafield tag="300" ind1=" " ind2=" ">
    <subfield code="a">n&#xFA;m.</subfield>
    <subfield code="b">il.</subfield>
    <subfield code="c">cm.</subfield>
  </datafield>
  <datafield tag="362" ind1=" " ind2=" ">
    <subfield code="a">N&#xFA;m. 1 (oct. 1977) - n&#xFA;m. 21 (1990)</subfield>
  </datafield>
  <datafield tag="500" ind1=" " ind2=" ">
    <subfield code="a">A partir de 1988 (?) canvia el t&#xED;tol i format: Mensaje y medios, revista de comunicaci&#xF3;n de RTVE</subfield>
  </datafield>
  <datafield tag="500" ind1=" " ind2=" ">
    <subfield code="a">A partir de 1988 (?) edita el Gabinete de la Direcci&#xF3;n General de RTVE</subfield>
  </datafield>
  <datafield tag="610" ind1="2" ind2="0">
    <subfield code="9">1250</subfield>
    <subfield code="a">Radiotelevisi&#xF3;n Espa&#xF1;ola</subfield>
  </datafield>
  <datafield tag="650" ind1="0" ind2="4">
    <subfield code="9">1780</subfield>
    <subfield code="a">Televisi&#xF3;</subfield>
    <subfield code="z">Espanya</subfield>
    <subfield code="v">Revistes</subfield>
  </datafield>
  <datafield tag="650" ind1="0" ind2="4">
    <subfield code="9">1720</subfield>
    <subfield code="a">Radiodifusi&#xF3;</subfield>
    <subfield code="z">Espanya</subfield>
    <subfield code="v">Revistes</subfield>
  </datafield>
  <datafield tag="710" ind1="2" ind2=" ">
    <subfield code="9">2097</subfield>
    <subfield code="a">Instituto Oficial de Radio y Televisi&#xF3;n (Espanya)</subfield>
  </datafield>
  <datafield tag="710" ind1="2" ind2=" ">
    <subfield code="9">1250</subfield>
    <subfield code="a">Radiotelevisi&#xF3;n Espa&#xF1;ola</subfield>
  </datafield>
  <datafield tag="942" ind1=" " ind2=" ">
    <subfield code="c">SER</subfield>
    <subfield code="2">udc</subfield>
  </datafield>
  <datafield tag="999" ind1=" " ind2=" ">
    <subfield code="c">6536</subfield>
    <subfield code="d">6536</subfield>
  </datafield>
  <datafield tag="952" ind1=" " ind2=" ">
    <subfield code="0">0</subfield>
    <subfield code="1">0</subfield>
    <subfield code="4">0</subfield>
    <subfield code="7">0</subfield>
    <subfield code="a">CDMR</subfield>
    <subfield code="b">CDMR</subfield>
    <subfield code="d">2013-01-16</subfield>
    <subfield code="h">N&#xFA;m. 1 (1977) - n&#xFA;m. 8 (1979) / n&#xFA;m. 10 (1990) - n&#xFA;m. 21 (1990)</subfield>
    <subfield code="l">0</subfield>
    <subfield code="r">2013-06-28</subfield>
    <subfield code="w">2013-06-28</subfield>
    <subfield code="y">SER</subfield>
  </datafield>
</record>
